| 000 | 00708nam a2200193 i 4500 | ||
|---|---|---|---|
| 001 | 150478 | ||
| 003 | ES-MaACL | ||
| 005 | 20251002201822.0 | ||
| 007 | t| | ||
| 008 | 071030s1951 sp ||||1| spa d | ||
| 100 | 1 |
_aVálgoma y Díaz-Varela, Dalmiro de la, _d1904-1990 _9112691 |
|
| 245 | 1 | 0 |
_aAscendientes y descendientes de Hernán Cortés _b: línea de Medina Sidonia y otras / _cpor Dalmiro de la Válgoma y Díaz-Varela. |
| 260 |
_aMadrid : _bCultura Hispánica, _c1951. |
||
| 300 |
_a190 p., 18 lám. : _bil. ; _c22 cm. |
||
| 599 | _aRetr. de Hernán Cortés. | ||
| 600 | 1 | 4 |
_aCortés, Hernán, _d1485-1547- _xGenealogía _9172688 |
| 852 |
_aES-MaACL _jD-8233 |
||
| 999 |
_c150478 _d150478 |
||